Dolgosročnyj prognoz i informacija

Guardado en:
Detalles Bibliográficos
Formato: Libro
Lenguaje:ruso
Publicado: Novosibirsk Nauka 1987
Edición:1. izd.
Etiquetas: Agregar Etiqueta
Sin Etiquetas, Sea el primero en etiquetar este registro!

MARC

LEADER 00000nam a2200000 4500
001 c024200
005 20260130121055.3
041 0 |a rus 
044 |a RU 
245 1 0 |a Dolgosročnyj prognoz i informacija  |c Igor' Petrovič Družinin 
250 |a 1. izd. 
264 1 |a Novosibirsk  |b Nauka  |c 1987 
300 |a 251 s.